000 00571nam a2200193 a 4500
001 BRCA_2690
005 20190320203926.0
008 021208s1956----nyua---###---#000-0#eng-u
050 4 _aDA567
_b.C69 1956
100 1 _aCowles, Virginia Spencer
_97621
245 1 0 _aGay monarch
_bthe life and pleasures of Edward VII
_cVirginia Cowles.
260 _aNew York
_bHarper
_c1956
300 _a378 p.
_bil.
_c22 cm.
500 _aIncluye índice alfabético.
500 _aAA44
600 1 4 _aEdward VII
_cRey de Gran Bretaña
_d1841-1910
_97622
902 _aGFM
942 _2lcc
_cB
999 _c2430
_d2430